Egy századelői tanítói életút és mai tanulságai

Elmentve itt :
Bibliográfiai részletek
Szerző: Bokor Péter
Dokumentumtípus: Cikk
Megjelent: 1996
Sorozat:Módszertani közlemények 36 No. 3
Kulcsszavak:Trosits Mátyás, Neveléstudomány
Online Access:http://acta.bibl.u-szeged.hu/28114
LEADER 00639nab a2200181 i 4500
001 acta28114
005 20210222135443.0
008 161017s1996 hu o 0|| hun d
022 |a 1219-0608 
040 |a SZTE Egyetemi Kiadványok Repozitórium  |b hun 
041 |a hun 
100 1 |a Bokor Péter 
245 1 0 |a Egy századelői tanítói életút és mai tanulságai  |h [elektronikus dokumentum] /  |c  Bokor Péter 
260 |c 1996 
300 |a 130-132 
490 0 |a Módszertani közlemények  |v 36 No. 3 
695 |a Trosits Mátyás, Neveléstudomány 
856 4 0 |u http://acta.bibl.u-szeged.hu/28114/1/modszertani_036_003_130-132.pdf  |z Dokumentum-elérés